Normal view
MARC view
Entry Personal Name
001 - CONTROL NUMBER
- control field: 66842
003 - CONTROL NUMBER IDENTIFIER
- control field: dpl
005 - DATE AND TIME OF LATEST TRANSACTION
- control field: 20240524125148.0
008 - FIXED-LENGTH DATA ELEMENTS
- fixed length control field: 240524|| aca||aabn | a|a d
040 ## - CATALOGING SOURCE
- Original cataloging agency: dpl
- Transcribing agency: dpl
100 ## - HEADING--PERSONAL NAME
- Personal name: सुथार, गणेशीलाल
670 ## - SOURCE DATA FOUND
- Source citation: Work cat.: (dpl)203227: अल्तेकर, ए.ऐस. 66841, हिन्दू सभ्यता में नारियों की स्थिति:, 2020
